Global Corporate Finance / Text and Cases (Record no. 1193)
[ view plain ]
| 000 -LEADER | |
|---|---|
| fixed length control field | 01621cam a22002174a 4500 |
| 005 - ΗΜΕΡΟΜΗΝΙΑ ΚΑΙ ΩΡΑ ΤΕΛΕΥΤΑΙΑΣ ΕΝΗΜΕΡΩΣΗΣ | |
| Πεδίο ελέγχου | 20250605164001.0 |
| 008 - FIXED-LENGTH DATA ELEMENTS--GENERAL INFORMATION | |
| Πεδίο ελέγχου σταθερού μήκους | 250528s ||||||||||||||||||||||||d |
| 035 ## - SYSTEM CONTROL NUMBER | |
| System control number | 15625 |
| 020 ## - ISBN | |
| ISBN | 63121092 |
| 040 ## - ΠΗΓΗ ΚΑΤΑΛΟΓΟΓΡΑΦΗΣΗΣ | |
| Φορέας πρωτότυπης καταλογογράφησης | MC Athens Campus Library |
| Γλώσσα καταλογογράφησης | Ελληνικά, Μοντέρνα (1453-) |
| Modifying agency | MC Athens Campus Library |
| Κανόνες περιγραφικής καταλογογράφησης | AACR2 |
| 245 1# - ΤΙΤΛΟΣ ΚΑΙ ΔΗΛΩΣΗ ΥΠΕΥΘΥΝΟΤΗΤΑΣ | |
| Τίτλος | Global Corporate Finance / Text and Cases |
| 250 ## - EDITION STATEMENT | |
| Edition statement | 4th |
| 260 ## - PUBLICATION, DISTRIBUTION, ETC. | |
| Name of publisher, distributor, etc. | Blackwell Publishing, |
| Date of publication, distribution, etc. | 1999 |
| 300 ## - PHYSICAL DESCRIPTION | |
| Extent | 636 |
| 520 ## - SUMMARY, ETC. | |
| Summary, etc. | This book introduces students to principles essential to understanding global financial problems and multinational problem-solving policies and techniques. Preface, Acknowledgements, The Global Financial Environment, Introduction, Motives for World Trade and Foreign Investment, The Balance of Payments, The International Monetary System, Foreign Exchange Risk Management, An Overview of the Foreign Exchange Market, Currency Futures and Options, Financial Swaps, Exchange-Rate Forecasting, Foreign Exchange Risk Management, Financing International Transactions, International Financial Markets, International Banking Operations and Country, Financing Foreign Trade, Financing Foreign Investment, Global Asset Management, Current Asset Management, International Portfolio Investment, Foreign Direct Investment Strategy, Multinational Capital Expenditure Analysis, The Cost of Capital for Foreign Projects, Political Risk Management, Global Reporting and Controlling, Multinational Accounting, International Taxation, International Transfer Pricing, Comprehensive Cases in Global Finance, Glossary. |
| 700 1# - ΠΡΟΣΘΕΤΗ ΑΝΑΓΡΑΦΗ--ΦΥΣΙΚΟ ΠΡΟΣΩΠΟ | |
| Personal name | Kim Seung H |
| 9 (RLIN) | 1591 |
| 700 1# - ΠΡΟΣΘΕΤΗ ΑΝΑΓΡΑΦΗ--ΦΥΣΙΚΟ ΠΡΟΣΩΠΟ | |
| Personal name | Kim Suk H |
| 9 (RLIN) | 1592 |
| 942 ## - ADDED ENTRY ELEMENTS (KOHA) | |
| Koha item type | Books |
| Τύπος τεκμηρίου | Βιβλιοθήκη | Τρέχουσα τοποθεσία | Barcode | Αριθμός εισαγωγής | Ημερομηνία απόκτησης | Ταξιθετικό σύμβολο | Αριθμός αντιτύπου | Κατάσταση απόσυρσης | Κατάσταση χαμένου | Κατάσταση κατεστραμμένου | Μη δανεισμός | Σύνολο δανεισμών | Ημερομηνία τελευταίας εμφάνισης | Η τιμή ισχύει από |
|---|---|---|---|---|---|---|---|---|---|---|---|---|---|---|
| Books | MC Athens Campus Library | MC Athens Campus Library | 9780000011923 | 1973 | 05/06/2025 | 658.15/99 KIM | 1 | 05/06/2025 | 05/06/2025 |